Sports Quiz

Random Sports or Tennis Quiz

Sports Champions of 1993 Quiz Stats

 Plays Quiz not verified by Sporcle

Score 0/22 Timer 05:00
0 Plays Today
The Competition The Champions % Correct
Wimbledon Men's SinglesPETE SAMPRAS
79.5%
US Open Men's Singles (Tennis)PETE SAMPRAS
79.5%
Premier LeagueMANCHESTER UNITED
76.7%
Wimbledon Women's SinglesSTEFFI GRAF
71.2%
US Open Women's Singles (Tennis)STEFFI GRAF
71.2%
NBACHICAGO BULLS
71.2%
SuperbowlDALLAS COWBOYS
65.8%
FA CupARSENAL
64.4%
World SeriesTORONTO BLUE JAYS
53.4%
Five Nations Rugby UnionFRANCE
47.9%
Stanley CupMONTREAL CANADIENS
45.2%
The Competition The Champions % Correct
World SnookerSTEPHEN HENDRY
38.4%
British Open GolfGREG NORMAN
32.9%
English Rugby LeagueWIGAN
31.5%
BBC Sports Personality of the Year [Athletics]LINFORD CHRISTIE
31.5%
NatWest Trophy (Cricket, 60 overs)WARWICKSHIRE
23.3%
County Cricket ChampionshipMIDDLESEX
19.2%
British Grand PrixALAIN PROST
17.6%
US Masters GolfBERNHARD LANGER
16.4%
US Open GolfLEE JANZEN
8.2%
Sports Illustrated Sportsman of the Year [American Football]DON SHULA
6.8%
Indianapolis 500EMERSON FITTIPALDI
5.9%

You're not logged in!

Compare scores with friends on all Sporcle quizzes.
OR
Log In

Sporcle TV

Today on Sporcle TV


Watch our educational content, quiz creation guides, and fun videos on Sporcle TV.

Show Comments

Extras

Top Quizzes Today


Score Distribution

Your Account Isn't Verified!

In order to create a playlist on Sporcle, you need to verify the email address you used during registration. Go to your Sporcle Settings to finish the process.

Report this User

Report this user for behavior that violates our Community Guidelines.

Details: